| 000 | 00392nam a2200157Ia 4500 | ||
|---|---|---|---|
| 008 | 210210b1965 xxu||||| |||| 00| 0 eng d | ||
| 082 | _a821.009 MULS | ||
| 100 | _aMULLIK (B R). | ||
| 245 | _aStudies in poets: Browning.V 16. | ||
| 260 |
_aN D _bS. Chand & Co. Ltd. _c1965 |
||
| 300 | _avi,88 | ||
| 440 | _a16 | ||
| 650 | _aBrowning | ||
| 690 | _aEnglish Poetry Criticism | ||
| 906 | _a031547 | ||
| 999 |
_c82714 _d82714 |
||